000 00654nam a2200229 i 4500
001 C2-0266407
003 PPAK
005 20180727233955.0
008 050731s2004 my a|||| ||||| | may d
020 _a9679120724
040 _aPPAK
_beng
_cPPAK
_erda
082 0 4 _a370.9595
_223
090 0 0 _a370.9595
_bPAN
_dR
245 0 0 _aPanduan sumber-sumber bahan mengenai pendidikan
264 1 _aKuala Lumpur :
_bArkib Negara Malaysia ,
_c2004
300 _axv, 294 pages :
_billustrations ;
_c26 cm
336 _2rdacontent
_atext
337 _2rdamedia
_aunmediated
338 _2rdacarrier
_avolume
650 1 0 _aEducation - Malaysia.
942 _ddc
_cB
999 _c75645
_d75645